[Event "English Open Championship 2024"]
[Site "Holiday Inn, 212 Abbey End, Kenilworth CV8 1ED, United Kingdom"]
[Date "2024.06.23"]
[Round "7.7"]
[White "Seymour, Timothy P"]
[Black "Jackson, James P"]
[Result "1/2-1/2"]
[TimeControl "G90 + 30secs/move"]
[WhiteFideId "412112"]
[BlackFideId "416860"]
[WhiteElo "2113"]
[BlackElo "2358"]

1. Nf3 {[%clk 01:29:21]} {[%emt 00:01:38]} g6 {[%clk 01:30:27]} {[%emt
00:00:34]} 2. d4 {[%clk 01:29:30]} {[%emt 00:00:20]} Nf6 {[%clk 01:30:20]}
{[%emt 00:00:37]} 3. c4 {[%clk 01:29:06]} {[%emt 00:00:54]} Bg7 {[%clk
01:30:38]} {[%emt 00:00:12]} 4. e3 {[%clk 01:29:31]} {[%emt 00:00:05]} O-O
{[%clk 01:26:52]} {[%emt 00:04:16]} 5. Be2 {[%clk 01:29:55]} {[%emt 00:00:06]}
c5 {[%clk 01:25:07]} {[%emt 00:02:16]} 6. dxc5 {[%clk 01:28:18]} {[%emt
00:02:06]} Qa5+ {[%clk 01:24:29]} {[%emt 00:01:08]} 7. Bd2 {[%clk 01:28:24]}
{[%emt 00:00:24]} Qxc5 {[%clk 01:24:54]} {[%emt 00:00:05]} 8. Bc3 {[%clk
01:28:07]} {[%emt 00:00:46]} b6 {[%clk 01:24:15]} {[%emt 00:01:10]} 9. Nbd2
{[%clk 01:27:15]} {[%emt 00:01:22]} Bb7 {[%clk 01:24:23]} {[%emt 00:00:22]} 10.
O-O {[%clk 01:26:39]} {[%emt 00:01:06]} d6 {[%clk 01:24:37]} {[%emt 00:00:16]}
11. b4 {[%clk 01:26:08]} {[%emt 00:01:01]} Qc7 {[%clk 01:24:25]} {[%emt
00:00:42]} 12. Qb3 {[%clk 01:26:14]} {[%emt 00:00:23]} Nbd7 {[%clk 01:24:19]}
{[%emt 00:00:36]} 13. Rac1 {[%clk 01:24:18]} {[%emt 00:02:26]} Rac8 {[%clk
01:21:01]} {[%emt 00:03:49]} 14. Rfd1 {[%clk 01:23:25]} {[%emt 00:01:23]} Qb8
{[%clk 01:20:50]} {[%emt 00:00:41]} 15. Qb2 {[%clk 01:12:18]} {[%emt 00:11:37]}
Qa8 {[%clk 01:19:46]} {[%emt 00:01:34]} 16. Nb3 {[%clk 01:10:56]} {[%emt
00:01:51]} Rc7 {[%clk 01:13:26]} {[%emt 00:06:51]} 17. Bd4 {[%clk 01:10:20]}
{[%emt 00:01:06]} Rfc8 {[%clk 01:13:16]} {[%emt 00:00:40]} 18. a4 {[%clk
01:04:14]} {[%emt 00:06:36]} a5 {[%clk 01:09:03]} {[%emt 00:04:43]} 19. bxa5
{[%clk 01:02:02]} {[%emt 00:02:42]} bxa5 {[%clk 01:09:28]} {[%emt 00:00:05]} 20.
Qd2 {[%clk 00:55:45]} {[%emt 00:06:45]} Ne4 {[%clk 01:00:41]} {[%emt 00:09:18]}
21. Qe1 {[%clk 00:44:27]} {[%emt 00:11:49]} Bc6 {[%clk 00:55:09]} {[%emt
00:06:02]} 22. Ra1 {[%clk 00:35:16]} {[%emt 00:09:41]} Ndc5 {[%clk 00:54:23]}
{[%emt 00:01:15]} 23. Nxa5 {[%clk 00:31:24]} {[%emt 00:04:23]} Bxa4 {[%clk
00:45:09]} {[%emt 00:09:43]} 24. Rdb1 {[%clk 00:29:45]} {[%emt 00:02:09]} Ra7
{[%clk 00:45:26]} {[%emt 00:00:13]} 25. Rxa4 {[%clk 00:28:56]} {[%emt
00:01:20]} Nxa4 {[%clk 00:45:51]} {[%emt 00:00:05]} 26. Bxa7 {[%clk 00:29:02]}
{[%emt 00:00:23]} Qxa7 {[%clk 00:46:17]} {[%emt 00:00:05]} 27. Rb7 {[%clk
00:19:34]} {[%emt 00:09:57]} Qa8 {[%clk 00:43:58]} {[%emt 00:02:49]} 28. Nd4
{[%clk 00:18:21]} {[%emt 00:01:44]} Nec3 {[%clk 00:29:53]} {[%emt 00:14:35]} 29.
Ndb3 {[%clk 00:18:50]} {[%emt 00:00:01]} Nxe2+ {[%clk 00:26:26]} {[%emt
00:03:57]} 30. Qxe2 {[%clk 00:19:18]} Bf6 {[%clk 00:26:42]} {[%emt 00:00:14]}
31. Qf3 {[%clk 00:17:50]} {[%emt 00:01:58]} Nc5 {[%clk 00:26:04]} {[%emt
00:01:08]} 32. Rc7 {[%clk 00:17:21]} {[%emt 00:00:59]} Kg7 {[%clk 00:23:11]}
{[%emt 00:03:23]} 33. Qxa8 {[%clk 00:15:32]} {[%emt 00:02:19]} Rxa8 {[%clk
00:23:35]} {[%emt 00:00:06]} 34. Nxc5 {[%clk 00:15:46]} {[%emt 00:00:16]} Rxa5
{[%clk 00:24:00]} {[%emt 00:00:06]} 35. Nb3 {[%clk 00:16:10]} {[%emt 00:00:06]}
Ra4 {[%clk 00:23:38]} {[%emt 00:00:52]} 36. g3 {[%clk 00:15:33]} {[%emt
00:01:06]} e6 {[%clk 00:21:18]} {[%emt 00:02:50]} 37. Rd7 {[%clk 00:10:25]}
{[%emt 00:05:37]} Ra6 {[%clk 00:19:47]} {[%emt 00:02:02]} 38. Nd2 {[%clk
00:09:40]} {[%emt 00:01:14]} Kf8 {[%clk 00:20:12]} {[%emt 00:00:07]} 39. Ne4
{[%clk 00:09:21]} {[%emt 00:00:48]} Be7 {[%clk 00:20:36]} {[%emt 00:00:07]} 40.
h4 {[%clk 00:08:52]} {[%emt 00:00:58]} Rc6 {[%clk 00:20:24]} {[%emt 00:00:42]}
41. Nd2 {[%clk 00:07:51]} {[%emt 00:01:31]} h5 {[%clk 00:19:09]} {[%emt
00:01:46]} 42. Kf1 {[%clk 00:08:10]} {[%emt 00:00:10]} Ra6 {[%clk 00:19:07]}
{[%emt 00:00:32]} 43. Kg2 {[%clk 00:05:39]} {[%emt 00:03:01]} Ke8 {[%clk
00:18:49]} {[%emt 00:00:48]} 44. Rb7 {[%clk 00:06:02]} {[%emt 00:00:07]} Ra2
{[%clk 00:18:41]} {[%emt 00:00:39]} 45. Ne4 {[%clk 00:05:31]} {[%emt 00:01:00]}
Rc2 {[%clk 00:17:48]} {[%emt 00:01:23]} 46. Rb8+ {[%clk 00:05:27]} {[%emt
00:00:34]} Kd7 {[%clk 00:18:12]} {[%emt 00:00:06]} 47. Rb7+ {[%clk 00:05:52]}
{[%emt 00:00:05]} Kd8 {[%clk 00:18:38]} {[%emt 00:00:05]} 48. Ng5 {[%clk
00:06:01]} {[%emt 00:00:20]} Bxg5 {[%clk 00:18:05]} {[%emt 00:01:03]} 49. hxg5
{[%clk 00:06:28]} {[%emt 00:00:03]} Ke8 {[%clk 00:18:29]} {[%emt 00:00:06]} 50.
Rb8+ {[%clk 00:06:02]} {[%emt 00:00:56]} Ke7 {[%clk 00:18:30]} {[%emt
00:00:30]} 51. Rb7+ {[%clk 00:06:29]} {[%emt 00:00:03]} Kf8 {[%clk 00:18:31]}
{[%emt 00:00:29]} 52. Rc7 {[%clk 00:05:57]} {[%emt 00:01:02]} Ke8 {[%clk
00:17:43]} {[%emt 00:01:18]} 53. Kf3 {[%clk 00:05:50]} {[%emt 00:00:37]} Rc3
{[%clk 00:17:43]} {[%emt 00:00:31]} 54. Ke2 {[%clk 00:04:41]} {[%emt 00:01:38]}
Ra3 {[%clk 00:18:04]} {[%emt 00:00:09]} 55. e4 {[%clk 00:04:11]} {[%emt
00:01:00]} Ra5 {[%clk 00:16:11]} {[%emt 00:02:23]} 56. f4 {[%clk 00:04:37]}
{[%emt 00:00:03]} Ra3 {[%clk 00:16:35]} {[%emt 00:00:07]} 57. Kf2 {[%clk
00:04:55]} {[%emt 00:00:12]} Rc3 {[%clk 00:16:56]} {[%emt 00:00:09]} 58. Rc8+
{[%clk 00:04:08]} {[%emt 00:01:17]} Kd7 {[%clk 00:17:20]} {[%emt 00:00:06]} 59.
Rf8 {[%clk 00:04:28]} {[%emt 00:00:09]} Ke7 {[%clk 00:14:52]} {[%emt 00:02:59]}
60. Rc8 {[%clk 00:04:57]} {[%emt 00:00:01]} Ra3 {[%clk 00:06:43]} {[%emt
00:08:39]} 61. Rc7+ {[%clk 00:05:01]} {[%emt 00:00:25]} Ke8 {[%clk 00:07:09]}
{[%emt 00:00:05]} 62. c5 {[%clk 00:03:35]} {[%emt 00:01:56]} dxc5 {[%clk
00:04:04]} {[%emt 00:03:35]} 63. Rxc5 {[%clk 00:04:00]} {[%emt 00:00:05]} Kd7
{[%clk 00:04:29]} {[%emt 00:00:05]} 1/2-1/2

[Event "English Open Championship 2024"]
[Site "Holiday Inn, 212 Abbey End, Kenilworth CV8 1ED, United Kingdom"]
[Date "2024.06.23"]
[Round "7.8"]
[White "Bowcott-Terry, Finlay"]
[Black "Verbytski, Oleg"]
[Result "1-0"]
[TimeControl "G90 + 30secs/move"]
[WhiteFideId "449199"]
[BlackFideId "495506"]
[WhiteElo "2132"]
[BlackElo "2008"]

1. e4 {[%clk 01:22:14]} {[%emt 00:08:45]} c5 {[%clk 01:30:57]} {[%emt
00:00:04]} 2. Nf3 {[%clk 01:22:40]} {[%emt 00:00:03]} d6 {[%clk 01:31:23]}
{[%emt 00:00:05]} 3. d4 {[%clk 01:23:07]} {[%emt 00:00:03]} cxd4 {[%clk
01:31:49]} {[%emt 00:00:04]} 4. Qxd4 {[%clk 01:23:33]} {[%emt 00:00:04]} Nc6
{[%clk 01:32:07]} {[%emt 00:00:11]} 5. Bb5 {[%clk 01:23:57]} {[%emt 00:00:05]}
Bd7 {[%clk 01:32:33]} {[%emt 00:00:05]} 6. Bxc6 {[%clk 01:24:22]} {[%emt
00:00:06]} Bxc6 {[%clk 01:32:59]} {[%emt 00:00:03]} 7. Nc3 {[%clk 01:24:46]}
{[%emt 00:00:06]} Nf6 {[%clk 01:33:22]} {[%emt 00:00:07]} 8. Bg5 {[%clk
01:25:12]} {[%emt 00:00:04]} e6 {[%clk 01:33:40]} {[%emt 00:00:12]} 9. O-O-O
{[%clk 01:25:37]} {[%emt 00:00:05]} Be7 {[%clk 01:34:07]} {[%emt 00:00:03]} 10.
Qd3 {[%clk 01:26:02]} {[%emt 00:00:05]} O-O {[%clk 01:32:22]} {[%emt 00:02:15]}
11. Nd4 {[%clk 01:26:02]} {[%emt 00:00:30]} Qa5 {[%clk 01:28:18]} {[%emt
00:04:34]} 12. h4 {[%clk 01:26:20]} {[%emt 00:00:12]} Rac8 {[%clk 01:22:45]}
{[%emt 00:06:04]} 13. Kb1 {[%clk 01:26:15]} {[%emt 00:00:35]} a6 {[%clk
01:10:52]} {[%emt 00:12:22]} 14. f4 {[%clk 01:26:36]} {[%emt 00:00:09]} Rfe8
{[%clk 01:06:00]} {[%emt 00:05:22]} 15. f5 {[%clk 01:23:18]} {[%emt 00:03:47]}
Bd8 {[%clk 00:59:48]} {[%emt 00:06:44]} 16. fxe6 {[%clk 00:50:21]} {[%emt
00:33:27]} fxe6 {[%clk 00:59:42]} {[%emt 00:00:35]} 17. Bf4 {[%clk 00:49:54]}
{[%emt 00:00:57]} d5 {[%clk 00:48:49]} {[%emt 00:11:24]} 18. exd5 {[%clk
00:44:56]} {[%emt 00:05:27]} Nxd5 {[%clk 00:48:53]} {[%emt 00:00:26]} 19. Nxd5
{[%clk 00:45:10]} {[%emt 00:00:16]} Bxd5 {[%clk 00:46:27]} {[%emt 00:02:56]} 20.
Nb3 {[%clk 00:41:37]} {[%emt 00:04:03]} Qa4 {[%clk 00:41:39]} {[%emt 00:05:18]}
21. Qe3 {[%clk 00:40:50]} {[%emt 00:01:17]} Bf6 {[%clk 00:35:07]} {[%emt
00:07:03]} 22. Rd2 {[%clk 00:31:51]} {[%emt 00:09:29]} Rc4 {[%clk 00:33:22]}
{[%emt 00:02:15]} 23. Bg5 {[%clk 00:30:35]} {[%emt 00:01:46]} Rf8 {[%clk
00:30:28]} {[%emt 00:03:24]} 24. Rf1 {[%clk 00:25:20]} {[%emt 00:05:45]} Re4
{[%clk 00:28:51]} {[%emt 00:02:08]} 25. Qg1 {[%clk 00:25:42]} {[%emt 00:00:07]}
Qc4 {[%clk 00:25:06]} {[%emt 00:04:14]} 26. Bxf6 {[%clk 00:20:01]} {[%emt
00:06:12]} Rxf6 {[%clk 00:25:32]} {[%emt 00:00:04]} 27. Rxf6 {[%clk 00:19:59]}
{[%emt 00:00:32]} gxf6 {[%clk 00:26:01]} {[%emt 00:00:01]} 28. g3 {[%clk
00:17:32]} {[%emt 00:02:57]} a5 {[%clk 00:25:00]} {[%emt 00:01:32]} 29. Nc1
{[%clk 00:12:50]} {[%emt 00:05:12]} a4 {[%clk 00:22:13]} {[%emt 00:03:17]} 30.
Rd3 {[%clk 00:12:32]} {[%emt 00:00:48]} Qb4 {[%clk 00:21:32]} {[%emt 00:01:11]}
31. Qf2 {[%clk 00:10:38]} {[%emt 00:02:24]} Kg7 {[%clk 00:20:07]} {[%emt
00:01:55]} 32. a3 {[%clk 00:09:33]} {[%emt 00:01:35]} Qa5 {[%clk 00:16:57]}
{[%emt 00:03:40]} 33. Rf3 {[%clk 00:09:19]} {[%emt 00:00:43]} f5 {[%clk
00:16:39]} {[%emt 00:00:49]} 34. Rc3 {[%clk 00:09:44]} {[%emt 00:00:04]} Qd8
{[%clk 00:15:43]} {[%emt 00:01:26]} 35. Qc5 {[%clk 00:08:55]} {[%emt 00:01:19]}
Re1 {[%clk 00:15:23]} {[%emt 00:00:51]} 36. Qb4 {[%clk 00:08:33]} {[%emt
00:00:52]} Re4 {[%clk 00:15:23]} {[%emt 00:00:30]} 37. Qc5 {[%clk 00:08:48]}
{[%emt 00:00:15]} Kg8 {[%clk 00:14:43]} {[%emt 00:01:09]} 38. Nd3 {[%clk
00:08:25]} {[%emt 00:00:54]} b6 {[%clk 00:11:58]} {[%emt 00:03:15]} 39. Qf2
{[%clk 00:08:36]} {[%emt 00:00:18]} b5 {[%clk 00:12:20]} {[%emt 00:00:09]} 40.
Qd2 {[%clk 00:04:49]} {[%emt 00:04:17]} Bc4 {[%clk 00:11:38]} {[%emt 00:01:12]}
41. b3 {[%clk 00:05:16]} {[%emt 00:00:03]} axb3 {[%clk 00:06:11]} {[%emt
00:05:57]} 42. cxb3 {[%clk 00:05:44]} Rd4 {[%clk 00:05:25]} {[%emt 00:01:17]}
43. bxc4 {[%clk 00:06:12]} {[%emt 00:00:02]} bxc4 {[%clk 00:05:53]} {[%emt
00:00:02]} 44. Qe3 {[%clk 00:06:32]} {[%emt 00:00:11]} Qb6+ {[%clk 00:05:46]}
{[%emt 00:00:36]} 45. Nb2 {[%clk 00:06:54]} {[%emt 00:00:08]} Rd1+ {[%clk
00:06:13]} {[%emt 00:00:04]} 46. Ka2 {[%clk 00:06:19]} {[%emt 00:01:05]} Qxe3
{[%clk 00:06:27]} {[%emt 00:00:16]} 47. Rxe3 {[%clk 00:06:48]} {[%emt
00:00:01]} Rd2 {[%clk 00:06:56]} 48. Kb1 {[%clk 00:06:52]} {[%emt 00:00:26]}
Kf7 {[%clk 00:06:40]} {[%emt 00:00:46]} 49. Nxc4 {[%clk 00:07:13]} {[%emt
00:00:09]} Rd4 {[%clk 00:07:00]} {[%emt 00:00:10]} 50. Nb2 {[%clk 00:06:57]}
{[%emt 00:00:46]} Kf6 {[%clk 00:07:12]} {[%emt 00:00:18]} 51. a4 {[%clk
00:07:06]} {[%emt 00:00:21]} f4 {[%clk 00:07:39]} {[%emt 00:00:03]} 52. gxf4
{[%clk 00:07:26]} {[%emt 00:00:10]} Rxf4 {[%clk 00:08:04]} {[%emt 00:00:05]} 53.
a5 {[%clk 00:07:40]} {[%emt 00:00:16]} Rxh4 {[%clk 00:08:16]} {[%emt 00:00:18]}
54. a6 {[%clk 00:07:46]} {[%emt 00:00:24]} Rd4 {[%clk 00:08:36]} {[%emt
00:00:10]} 55. a7 {[%clk 00:08:01]} {[%emt 00:00:14]} Rd8 {[%clk 00:09:02]}
{[%emt 00:00:05]} 56. Nc4 {[%clk 00:08:13]} {[%emt 00:00:18]} Ra8 {[%clk
00:09:27]} {[%emt 00:00:05]} 57. Ra3 {[%clk 00:08:39]} {[%emt 00:00:04]} h5
{[%clk 00:09:53]} {[%emt 00:00:05]} 58. Nb6 {[%clk 00:09:06]} {[%emt 00:00:03]}
Rxa7 {[%clk 00:10:19]} {[%emt 00:00:03]} 59. Rxa7 {[%clk 00:09:32]} {[%emt
00:00:03]} h4 {[%clk 00:10:40]} {[%emt 00:00:10]} 60. Kc2 {[%clk 00:09:55]}
{[%emt 00:00:07]} Kg5 {[%clk 00:11:05]} {[%emt 00:00:06]} 61. Kd2 {[%clk
00:10:18]} {[%emt 00:00:06]} Kg4 {[%clk 00:11:28]} {[%emt 00:00:07]} 62. Ke2
{[%clk 00:10:42]} {[%emt 00:00:05]} Kg3 {[%clk 00:11:52]} {[%emt 00:00:07]} 63.
Rg7+ {[%clk 00:10:51]} {[%emt 00:00:20]} Kh2 {[%clk 00:12:15]} {[%emt
00:00:08]} 64. Nc4 {[%clk 00:11:11]} {[%emt 00:00:10]} e5 {[%clk 00:12:40]}
{[%emt 00:00:05]} 65. Nxe5 {[%clk 00:11:30]} {[%emt 00:00:11]} Kh3 {[%clk
00:13:01]} {[%emt 00:00:10]} 66. Rg4 {[%clk 00:10:33]} {[%emt 00:01:25]} Kh2
{[%clk 00:13:25]} {[%emt 00:00:07]} 67. Kf2 {[%clk 00:10:52]} {[%emt 00:00:10]}
Kh3 {[%clk 00:13:47]} {[%emt 00:00:10]} 68. Kf3 {[%clk 00:11:10]} {[%emt
00:00:10]} Kh2 {[%clk 00:14:14]} {[%emt 00:00:04]} 69. Rxh4+ {[%clk 00:11:35]}
{[%emt 00:00:06]} Kg1 {[%clk 00:14:36]} {[%emt 00:00:07]} 70. Rh5 {[%clk
00:12:00]} {[%emt 00:00:05]} 1-0

[Event "English Open Championship 2024"]
[Site "Holiday Inn, 212 Abbey End, Kenilworth CV8 1ED, United Kingdom"]
[Date "2024.06.23"]
[Round "7.9"]
[White "Watson, Jacob"]
[Black "Badacsonyi, Stanley"]
[Result "0-1"]
[TimeControl "G90 + 30secs/move"]
[WhiteFideId "445037"]
[BlackFideId "486973"]
[WhiteElo "1883"]
[BlackElo "2132"]

1. e4 {[%clk 01:30:57]} {[%emt 00:00:02]} e6 {[%clk 01:30:54]} {[%emt
00:00:07]} 2. d4 {[%clk 01:31:15]} {[%emt 00:00:11]} d5 {[%clk 01:31:20]}
{[%emt 00:00:05]} 3. e5 {[%clk 01:31:40]} {[%emt 00:00:04]} c5 {[%clk
01:31:47]} {[%emt 00:00:04]} 4. c3 {[%clk 01:31:41]} {[%emt 00:00:28]} Nc6
{[%clk 01:32:15]} {[%emt 00:00:04]} 5. Nf3 {[%clk 01:32:04]} {[%emt 00:00:04]}
Bd7 {[%clk 01:32:42]} {[%emt 00:00:04]} 6. Be2 {[%clk 01:31:07]} {[%emt
00:01:27]} Nge7 {[%clk 01:33:07]} {[%emt 00:00:06]} 7. O-O {[%clk 01:31:12]}
{[%emt 00:00:23]} cxd4 {[%clk 01:33:33]} {[%emt 00:00:06]} 8. cxd4 {[%clk
01:31:35]} {[%emt 00:00:07]} Nf5 {[%clk 01:34:01]} {[%emt 00:00:02]} 9. Nc3
{[%clk 01:31:42]} {[%emt 00:00:22]} a6 {[%clk 01:34:27]} {[%emt 00:00:05]} 10.
a3 {[%clk 01:27:27]} {[%emt 00:04:45]} Rc8 {[%clk 01:34:45]} {[%emt 00:00:12]}
11. Bg5 {[%clk 01:25:21]} {[%emt 00:02:35]} Be7 {[%clk 01:34:30]} {[%emt
00:00:45]} 12. Bxe7 {[%clk 01:23:08]} {[%emt 00:02:43]} Qxe7 {[%clk 01:34:55]}
{[%emt 00:00:05]} 13. Na4 {[%clk 01:22:49]} {[%emt 00:00:49]} O-O {[%clk
01:33:03]} {[%emt 00:02:22]} 14. b4 {[%clk 01:09:41]} {[%emt 00:13:38]} Ncxd4
{[%clk 01:32:23]} {[%emt 00:01:10]} 15. Nxd4 {[%clk 01:07:15]} {[%emt
00:02:56]} Nxd4 {[%clk 01:32:44]} {[%emt 00:00:09]} 16. Qxd4 {[%clk 01:07:27]}
{[%emt 00:00:17]} Bxa4 {[%clk 01:33:07]} {[%emt 00:00:08]} 17. f4 {[%clk
01:07:07]} {[%emt 00:00:50]} Qd7 {[%clk 01:25:08]} {[%emt 00:08:29]} 18. f5
{[%clk 01:01:18]} {[%emt 00:06:19]} exf5 {[%clk 01:24:39]} {[%emt 00:00:59]} 19.
Bd3 {[%clk 00:50:26]} {[%emt 00:11:22]} g6 {[%clk 01:23:59]} {[%emt 00:01:10]}
20. Rf3 {[%clk 00:49:47]} {[%emt 00:01:09]} Bc2 {[%clk 01:24:16]} {[%emt
00:00:13]} 21. Bxc2 {[%clk 00:43:48]} {[%emt 00:06:29]} Rxc2 {[%clk 01:24:41]}
{[%emt 00:00:05]} 22. Rd1 {[%clk 00:44:16]} {[%emt 00:00:02]} Rd8 {[%clk
01:24:40]} {[%emt 00:00:31]} 23. Rfd3 {[%clk 00:42:11]} {[%emt 00:02:34]} Qe6
{[%clk 01:22:21]} {[%emt 00:02:50]} 24. Qh4 {[%clk 00:41:52]} {[%emt 00:00:47]}
Rd7 {[%clk 01:22:06]} {[%emt 00:00:46]} 25. Re1 {[%clk 00:22:35]} {[%emt
00:19:47]} h5 {[%clk 01:17:54]} {[%emt 00:04:41]} 26. Qf6 {[%clk 00:17:17]}
{[%emt 00:05:47]} Qxf6 {[%clk 01:15:53]} {[%emt 00:02:33]} 27. exf6 {[%clk
00:17:42]} {[%emt 00:00:03]} Rc6 {[%clk 01:16:20]} {[%emt 00:00:05]} 28. Re8+
{[%clk 00:15:50]} {[%emt 00:02:22]} Kh7 {[%clk 01:16:48]} {[%emt 00:00:02]} 29.
Re7 {[%clk 00:16:12]} {[%emt 00:00:08]} Rxe7 {[%clk 01:17:14]} {[%emt
00:00:05]} 30. fxe7 {[%clk 00:16:39]} {[%emt 00:00:02]} Re6 {[%clk 01:17:39]}
{[%emt 00:00:04]} 31. Rxd5 {[%clk 00:17:04]} {[%emt 00:00:05]} Rxe7 {[%clk
01:18:06]} {[%emt 00:00:03]} 32. b5 {[%clk 00:17:17]} {[%emt 00:00:18]} axb5
{[%clk 01:17:25]} {[%emt 00:01:12]} 33. Rxb5 {[%clk 00:17:31]} {[%emt
00:00:15]} Kg7 {[%clk 01:17:52]} {[%emt 00:00:03]} 34. a4 {[%clk 00:16:16]}
{[%emt 00:01:45]} Kf6 {[%clk 01:18:16]} {[%emt 00:00:05]} 35. a5 {[%clk
00:16:11]} {[%emt 00:00:36]} Re5 {[%clk 01:18:36]} {[%emt 00:00:10]} 36. Rb6+
{[%clk 00:16:28]} {[%emt 00:00:13]} Kg7 {[%clk 01:19:00]} {[%emt 00:00:05]} 37.
Rxb7 {[%clk 00:16:32]} {[%emt 00:00:26]} Rxa5 {[%clk 01:19:26]} {[%emt
00:00:04]} 38. Kf2 {[%clk 00:16:12]} {[%emt 00:00:50]} Ra3 {[%clk 01:19:49]}
{[%emt 00:00:08]} 39. Rc7 {[%clk 00:15:05]} {[%emt 00:01:37]} g5 {[%clk
01:20:15]} {[%emt 00:00:04]} 40. h4 {[%clk 00:13:12]} {[%emt 00:02:22]} gxh4
{[%clk 01:20:30]} {[%emt 00:00:16]} 41. Rc5 {[%clk 00:13:21]} {[%emt 00:00:21]}
Kg6 {[%clk 01:20:54]} {[%emt 00:00:06]} 42. Rc8 {[%clk 00:13:29]} {[%emt
00:00:21]} h3 {[%clk 01:21:10]} {[%emt 00:00:14]} 43. gxh3 {[%clk 00:13:22]}
{[%emt 00:00:37]} Rxh3 {[%clk 01:21:34]} {[%emt 00:00:06]} 44. Kg2 {[%clk
00:13:42]} {[%emt 00:00:10]} Rb3 {[%clk 01:21:59]} {[%emt 00:00:05]} 45. Rg8+
{[%clk 00:14:00]} {[%emt 00:00:12]} Kf6 {[%clk 01:22:24]} {[%emt 00:00:06]} 46.
Rh8 {[%clk 00:12:46]} {[%emt 00:01:43]} Kg5 {[%clk 01:22:48]} {[%emt 00:00:06]}
47. Rg8+ {[%clk 00:13:11]} {[%emt 00:00:05]} Kf4 {[%clk 01:22:55]} {[%emt
00:00:23]} 48. Rh8 {[%clk 00:13:18]} {[%emt 00:00:23]} Rg3+ {[%clk 01:23:05]}
{[%emt 00:00:20]} 49. Kf2 {[%clk 00:13:32]} {[%emt 00:00:15]} Rg5 {[%clk
01:23:27]} {[%emt 00:00:09]} 50. Ra8 {[%clk 00:13:46]} {[%emt 00:00:16]} Kg4
{[%clk 01:23:49]} {[%emt 00:00:08]} 51. Ra1 {[%clk 00:13:06]} {[%emt 00:01:10]}
f4 {[%clk 01:24:04]} {[%emt 00:00:16]} 52. Rg1+ {[%clk 00:13:18]} {[%emt
00:00:17]} Kf5 {[%clk 01:24:30]} {[%emt 00:00:05]} 53. Ra1 {[%clk 00:13:44]}
{[%emt 00:00:04]} Rg6 {[%clk 01:24:52]} {[%emt 00:00:08]} 54. Rh1 {[%clk
00:12:49]} {[%emt 00:01:24]} Rh6 {[%clk 01:25:15]} {[%emt 00:00:07]} 55. Kf3
{[%clk 00:12:25]} {[%emt 00:00:54]} h4 {[%clk 01:25:37]} {[%emt 00:00:09]} 56.
Ra1 {[%clk 00:12:17]} {[%emt 00:00:38]} h3 {[%clk 01:25:57]} {[%emt 00:00:10]}
57. Ra5+ {[%clk 00:12:22]} {[%emt 00:00:25]} Kg6 {[%clk 01:26:22]} {[%emt
00:00:05]} 58. Ra6+ {[%clk 00:12:25]} {[%emt 00:00:27]} f6 {[%clk 01:26:48]}
{[%emt 00:00:04]} 0-1